[Event "Russian Championship G17 1st league 2016"]
[Site "Loo"]
[Date "2016.04.21"]
[Round "2.12"]
[White "Gorenkova, Anna"]
[Black "Kopovaya, Aleksandra"]
[Result "1/2-1/2"]
[WhiteElo "1648"]
[BlackElo "1919"]
[PlyCount "89"]
[EventDate "2016.04.20"]

1. d4 Nf6 2. c4 e6 3. Nc3 Bb4 4. Qc2 O-O 5. a3 Bxc3+ 6. Qxc3 d5 7. Nf3 dxc4 8.
Qxc4 b6 9. Bg5 Ba6 10. Qa4 Bb7 11. e3 Nbd7 12. Be2 Qc8 13. O-O Ne4 14. Bf4 Qd8
15. Rac1 c5 16. Rfd1 Bd5 17. Nd2 f5 18. f3 Nxd2 19. Rxd2 cxd4 20. Qxd4 Nc5 21.
Bc4 Bxc4 22. Rxc4 Qe8 23. Qc3 Qb5 24. b4 Na6 25. Rc6 Rae8 26. Be5 g6 27. Rdd6
Nb8 28. Rc7 Rf7 29. Rxf7 Kxf7 30. a4 Qe2 31. h3 Re7 32. Bh8 Nd7 33. Qg7+ Ke8
34. Qg8+ Nf8 35. Bg7 Qxe3+ 36. Kf1 Rf7 37. Bxf8 Rxf8 38. Rxe6+ Kd7 39. Rd6+
Kxd6 40. Qxf8+ Ke5 41. Qe7+ Kf4 42. Qxh7 Qc1+ 43. Kf2 Qd2+ 44. Kf1 Qd1+ 45. Kf2
1/2-1/2

[Event "Russian Championship G17 1st league 2016"]
[Site "Loo"]
[Date "2016.04.21"]
[Round "2.13"]
[White "Khan, Anastasia"]
[Black "Sumenkova, Elena"]
[Result "0-1"]
[WhiteElo "1878"]
[BlackElo "1645"]
[PlyCount "108"]
[EventDate "2016.04.20"]

1. e4 c5 2. Nf3 d6 3. Bb5+ Nd7 4. O-O a6 5. Bc4 Ngf6 6. Re1 e6 7. c3 Be7 8. Bf1
b5 9. d4 Bb7 10. Nbd2 O-O 11. b3 Rc8 12. Bb2 cxd4 13. cxd4 Rc6 14. Bd3 Nb6 15.
Qe2 h6 16. Rac1 Nh7 17. e5 Rxc1 18. Rxc1 dxe5 19. dxe5 Ng5 20. Nxg5 Bxg5 21.
Rd1 Nd5 22. Nf3 Kh8 23. Qe4 g6 24. Nxg5 Qxg5 25. Bc1 Qh5 26. Re1 Kg7 27. Be2
Nc3 28. Qe3 Nxe2+ 29. Rxe2 Rd8 30. Bd2 g5 31. h3 Qg6 32. f4 Rd3 33. Qb6 Bd5 34.
fxg5 hxg5 35. Qxa6 g4 36. h4 g3 37. Qxb5 Bc6 38. Qc4 Rd5 39. Qf4 Kg8 40. Qg5
Qxg5 41. hxg5 Bb5 42. Re3 Rxd2 43. Rxg3 Rxa2 44. g6 Re2 45. gxf7+ Kxf7 46. Rg5
Re3 47. b4 Re4 48. Kh2 Rxb4 49. g4 Rb3 50. Kg2 Be2 51. Kf2 Bd1 52. Kg2 Bc2 53.
Kf2 Bg6 54. Kg2 Kg7 0-1

[Event "Russian Championship G17 1st league 2016"]
[Site "Loo"]
[Date "2016.04.21"]
[Round "2.14"]
[White "Tukaeva, Adelya"]
[Black "Bezverhaya, Marina"]
[Result "1-0"]
[WhiteElo "1854"]
[BlackElo "1604"]
[PlyCount "99"]
[EventDate "2016.04.20"]

1. e4 e6 2. d4 d5 3. Nc3 Nf6 4. Bg5 Be7 5. e5 Nfd7 6. Bxe7 Qxe7 7. f4 O-O 8.
Nf3 a6 9. Bd3 c5 10. Bxh7+ Kh8 11. Bd3 c4 12. Ng5 g6 13. Be2 Kg7 14. O-O Rh8
15. Qe1 Nc6 16. Rd1 b5 17. Qg3 Kf8 18. Bf3 Nb6 19. h4 b4 20. Ne2 Ke8 21. h5 Kd7
22. hxg6 fxg6 23. Nxe6 Kxe6 24. Bg4+ Kf7 25. f5 g5 26. e6+ Kf6 27. Qf3 Qh7 28.
Ng3 Qe7 29. Nh5+ Rxh5 30. Bxh5 Bb7 31. Kf2 Kg7 32. Rh1 Qf6 33. c3 Rg8 34. Bg6
Kf8 35. Rh7 Rg7 36. Rh8+ Rg8 37. Rh7 Rg7 38. Rxg7 Qxg7 39. Qh5 Ne7 40. Qxg5
Nbc8 41. Rh1 Nd6 42. Ke1 Ndxf5 43. g4 Qxg6 44. Qxg6 Nxg6 45. gxf5 Ne7 46. f6
Bc8 47. Rh8+ Ng8 48. e7+ Kf7 49. e8=Q+ Kxe8 50. Rxg8+ 1-0

[Event "Russian Championship G17 1st league 2016"]
[Site "Loo"]
[Date "2016.04.21"]
[Round "2.15"]
[White "Shovunova, Maryana"]
[Black "Guskova, Alina"]
[Result "0-1"]
[WhiteElo "1571"]
[BlackElo "1831"]
[PlyCount "86"]
[EventDate "2016.04.20"]

1. e4 c5 2. Nf3 e6 3. d4 cxd4 4. Nxd4 a6 5. Bc4 Qc7 6. Bb3 Nf6 7. Qd3 Nc6 8.
Nxc6 bxc6 9. O-O d5 10. exd5 cxd5 11. Ba4+ Bd7 12. Bxd7+ Nxd7 13. Nc3 Bd6 14.
f4 O-O 15. Be3 Bc5 16. Bxc5 Qxc5+ 17. Kh1 Rfc8 18. Rac1 Qb4 19. Rb1 Nc5 20. Qe2
Na4 21. Nd1 Rab8 22. Rf3 Rxc2 23. Qe5 Rbc8 24. Rg3 g6 25. h4 Qe4 26. Qf6 Rxg2
27. Rxg2 Qxb1 28. Rg1 Qe4+ 29. Kh2 Rc2+ 30. Kh3 Qf3+ 31. Rg3 Qh1+ 32. Kg4 Qxd1+
33. Kh3 Qh1+ 34. Kg4 Rg2 35. Qd8+ Kg7 36. Qc7 h5+ 37. Kf3 Qf1+ 38. Ke3 Rxg3+
39. Kd4 Qd3+ 40. Ke5 Qe4+ 41. Kd6 Qxf4+ 42. Kd7 Qxc7+ 43. Kxc7 Nxb2 0-1

[Event "Russian Championship G17 1st league 2016"]
[Site "Loo"]
[Date "2016.04.21"]
[Round "2.16"]
[White "Vorobyova, Valeriya"]
[Black "Lanina, Evgenia"]
[Result "1-0"]
[WhiteElo "1784"]
[BlackElo "1499"]
[PlyCount "45"]
[EventDate "2016.04.20"]

1. e4 c6 2. d4 d5 3. f3 e6 4. Nc3 Nf6 5. Bf4 Bb4 6. Qd3 O-O 7. Nge2 b6 8. O-O-O
Ba6 9. Qe3 c5 10. Bg5 cxd4 11. Nxd4 Be7 12. h4 h5 13. Bxa6 Nxa6 14. Nc6 Bc5 15.
Qxc5 Nxc5 16. Nxd8 Rfxd8 17. e5 Rd7 18. exf6 gxf6 19. Bxf6 Re8 20. Rhe1 Kh7 21.
Nxd5 Rg8 22. Nf4 Kh6 23. Re5 1-0

[Event "Russian Championship G17 1st league 2016"]
[Site "Loo"]
[Date "2016.04.21"]
[Round "2.17"]
[White "Zhekotova, Darya"]
[Black "Tatarinova, Elena"]
[Result "1-0"]
[WhiteElo "1543"]
[BlackElo "1726"]
[PlyCount "71"]
[EventDate "2016.04.20"]

1. e4 c5 2. c4 Nc6 3. Nf3 Nf6 4. Nc3 g6 5. d4 cxd4 6. Nxd4 d6 7. Be3 Bg7 8. Be2
Ng4 9. Bxg4 Bxg4 10. Nxc6 bxc6 11. Qxg4 Rb8 12. Qe2 Qa5 13. O-O Bxc3 14. bxc3
Qxc3 15. Bxa7 Rb7 16. Be3 c5 17. a4 h5 18. a5 Ra7 19. Rfb1 O-O 20. Qb2 Qxc4 21.
Bh6 Qd4 22. Qxd4 cxd4 23. Bxf8 Kxf8 24. a6 Rc7 25. a7 Rxa7 26. Rxa7 Kg7 27.
Rxe7 Kf6 28. Reb7 d3 29. Rd1 Ke6 30. Rxd3 g5 31. Rb6 f6 32. Rdxd6+ Ke7 33. Rxf6
g4 34. Rh6 Kf7 35. Rb7+ Kg8 36. Ra6 1-0

[Event "Russian Championship G17 1st league 2016"]
[Site "Loo"]
[Date "2016.04.21"]
[Round "2.18"]
[White "Ivanets, Anastasiya"]
[Black "Petrova, Marija"]
[Result "0-1"]
[WhiteElo "1472"]
[BlackElo "1697"]
[PlyCount "78"]
[EventDate "2016.04.20"]

1. d4 d5 2. e3 Nf6 3. Bd3 e6 4. f4 c5 5. c3 Nc6 6. Nf3 Bd6 7. Nbd2 O-O 8. O-O
h6 9. Ne5 Bd7 10. Rf3 cxd4 11. exd4 Nh7 12. Qc2 f5 13. g4 Bxe5 14. fxe5 Ng5 15.
Rg3 f4 16. Rg2 Rc8 17. Qd1 Qb6 18. Kh1 f3 19. Rg3 f2 20. h4 Nf7 21. Nf3 Na5 22.
Rg2 Nc4 23. Rxf2 Nfxe5 24. g5 Nxd3 25. Qxd3 hxg5 26. hxg5 e5 27. Qe2 e4 28. Nh4
Rxf2 29. Qxf2 Rf8 30. Qe2 Qe6 31. Kg1 Qh3 32. Ng2 Bg4 33. Qc2 e3 34. Bxe3 Nxe3
35. Nxe3 Qxe3+ 36. Kh1 Bf5 37. Qc1 Be4+ 38. Kh2 Rf2+ 39. Kg1 Qg3# 0-1

[Event "Russian Championship G15 1st league 2016"]
[Site "Loo"]
[Date "2016.04.21"]
[Round "2.1"]
[White "Tsvetkova, Vladislava"]
[Black "Hilova, Vlada"]
[Result "0-1"]
[WhiteElo "1570"]
[BlackElo "1852"]
[PlyCount "84"]
[EventDate "2016.04.20"]

1. e4 c5 2. Nf3 e6 3. d4 cxd4 4. Nxd4 Nf6 5. Nc3 Nc6 6. Nde2 Bb4 7. Bd2 O-O 8.
g3 d5 9. exd5 exd5 10. Bg2 Re8 11. O-O Bg4 12. f3 Bf5 13. a3 Bc5+ 14. Kh1 a6
15. g4 d4 16. gxf5 dxc3 17. Nxc3 Nd4 18. Ne4 Be7 19. Ng3 Qc8 20. Bc3 Nxf5 21.
Nxf5 Qxf5 22. f4 Rad8 23. Qf3 b6 24. Qb7 Bc5 25. b4 Bd4 26. Bxd4 Rxd4 27. Qxb6
Rxf4 28. Rxf4 Qxf4 29. Rf1 Qc4 30. Qc6 Qe2 31. c4 Ng4 32. Qc5 Ne3 33. Rg1 Rd8
34. Qb6 Re8 35. Bc6 g6 36. c5 h5 37. h3 Re6 38. Qd8+ Kg7 39. Qd4+ Kh7 40. Qd7
Rf6 41. Be4 Rf2 42. Bxg6+ Kh6 0-1

[Event "Russian Championship G15 1st league 2016"]
[Site "Loo"]
[Date "2016.04.21"]
[Round "2.2"]
[White "Gutkovich, Polina"]
[Black "Surkova, Sofya"]
[Result "1-0"]
[WhiteElo "1776"]
[BlackElo "1574"]
[PlyCount "107"]
[EventDate "2016.04.20"]

1. e4 c5 2. Nf3 d6 3. c3 Nf6 4. h3 a6 5. Bd3 b5 6. O-O e5 7. Bc2 Be7 8. d4 exd4
9. cxd4 O-O 10. a4 Bb7 11. Qe2 b4 12. Rd1 Qc7 13. e5 Nfd7 14. d5 dxe5 15. Qd3
e4 16. Qxe4 Nf6 17. Qc4 a5 18. Bf4 Bd6 19. Bg5 Nbd7 20. b3 Ba6 21. Qh4 c4 22.
Nbd2 cxb3 23. Bxb3 Bd3 24. Rac1 Bc5 25. Bf4 Qa7 26. Ne5 Nxe5 27. Bxe5 Nd7 28.
Bb2 Bg6 29. Nf3 Rae8 30. Bd4 Re4 31. Qg3 Bxd4 32. Bc2 Be5 33. Nxe5 Rxe5 34. Bb3
Qb8 35. Rc6 Rfe8 36. Kh2 Re2 37. d6 Be4 38. Rc7 Qd8 39. Qg4 Rxf2 40. Rxd7 Rxg2+
41. Qxg2 Qxd7 42. Qf2 Bf5 43. Qf3 h6 44. Rd2 Rc8 45. Bd1 Rc3 46. Qa8+ Kh7 47.
Qxa5 Rxh3+ 48. Kg1 Qc6 49. Qxf5+ g6 50. Qxh3 Qc5+ 51. Rf2 Qg5+ 52. Qg2 Qc5 53.
Qg3 Qd5 54. Bb3 1-0

[Event "Russian Championship G15 1st league 2016"]
[Site "Loo"]
[Date "2016.04.21"]
[Round "2.3"]
[White "Novogenova, Anastasia"]
[Black "Zinatullina, Adelya"]
[Result "1/2-1/2"]
[WhiteElo "1555"]
[BlackElo "1775"]
[PlyCount "91"]
[EventDate "2016.04.20"]

1. d4 Nf6 2. c4 e6 3. Nc3 Bb4 4. Bd2 b6 5. Nf3 Bb7 6. e3 O-O 7. Bd3 Bxc3 8.
Bxc3 Ne4 9. O-O f5 10. Qe2 d6 11. Rac1 Nd7 12. Rfd1 Qe7 13. Be1 Ndf6 14. Nd2 g5
15. f3 Nxd2 16. Rxd2 Qg7 17. c5 bxc5 18. dxc5 dxc5 19. Rxc5 g4 20. f4 Nd5 21.
Ba6 c6 22. Bxb7 Qxb7 23. Rdc2 Rac8 24. Qc4 Rfe8 25. Bd2 Nb6 26. Qd4 Red8 27.
Qf6 Qf7 28. Bc3 Qxf6 29. Bxf6 Rd3 30. Bd4 Nd5 31. Rxc6 Rxc6 32. Rxc6 Nxf4 33.
exf4 Rxd4 34. Rxe6 Rxf4 35. Ra6 Rb4 36. Rxa7 Rxb2 37. a4 Ra2 38. a5 f4 39. a6
g3 40. hxg3 fxg3 41. Kf1 Rf2+ 42. Kg1 Ra2 43. Kf1 h5 44. Ra8+ Kg7 45. a7 h4 46.
Rb8 1/2-1/2

[Event "Russian Championship G15 1st league 2016"]
[Site "Loo"]
[Date "2016.04.21"]
[Round "2.4"]
[White "Selezneva, Ekaterina"]
[Black "Aliverdieva, Elina"]
[Result "0-1"]
[WhiteElo "1750"]
[BlackElo "1566"]
[PlyCount "132"]
[EventDate "2016.04.20"]

1. e4 c6 2. d4 d5 3. Nc3 dxe4 4. Nxe4 Nd7 5. Bc4 Ngf6 6. Ng5 e6 7. Qe2 Nb6 8.
Bd3 h6 9. N5f3 c5 10. dxc5 Bxc5 11. Ne5 O-O 12. Ngf3 Nbd5 13. a3 Qc7 14. Bd2 b6
15. g4 Bb7 16. Rg1 Nd7 17. O-O-O Nxe5 18. Nxe5 Bxf2 19. Qxf2 Qxe5 20. g5 hxg5
21. Rxg5 f5 22. Re1 Qd6 23. Rg6 Rf6 24. Rg5 Rc8 25. Reg1 Rf7 26. Kb1 Rcc7 27.
Qh4 Nf6 28. Rg6 Ne4 29. Bb4 Qd4 30. Qh5 a5 31. Be1 Nf6 32. Qh3 Ng4 33. Rg3 Qd5
34. Bc3 Qh1+ 35. Qf1 Qxh2 36. Qe1 Bd5 37. Be2 Qh5 38. Bxg4 Qxg6 39. Bf3 Qh6 40.
Bd2 f4 41. Bxd5 exd5 42. Qg1 Qc6 43. Rc3 Qd6 44. Rh3 f3 45. Qh1 Kf8 46. Bg5 Rf5
47. Rxf3 Rxf3 48. Qxf3+ Rf7 49. Qh5 Ke8 50. Qh8+ Kd7 51. Qd8+ Kc6 52. Qc8+ Qc7
53. Qe6+ Kb7 54. Qxd5+ Ka7 55. b3 Qd7 56. Qc4 Qf5 57. Be3 Qf1+ 58. Qxf1 Rxf1+
59. Kb2 Rf3 60. Bd2 Rg3 61. b4 axb4 62. axb4 g5 63. Bc3 g4 64. Bd4 Rf3 65. c3
g3 66. b5 g2 0-1

[Event "Russian Championship G15 1st league 2016"]
[Site "Loo"]
[Date "2016.04.21"]
[Round "2.5"]
[White "Usarova, Evita"]
[Black "Pikalova, Sofya"]
[Result "0-1"]
[WhiteElo "1545"]
[BlackElo "1728"]
[PlyCount "66"]
[EventDate "2016.04.20"]

1. e4 e6 2. d4 d5 3. e5 c5 4. c3 Nc6 5. Nf3 Qb6 6. Be2 Nge7 7. Na3 Nf5 8. Nc2
Be7 9. O-O O-O 10. Ne3 Nxe3 11. fxe3 c4 12. Qc2 f6 13. exf6 Bxf6 14. e4 e5 15.
exd5 exd4 16. Bxc4 dxc3+ 17. Kh1 Na5 18. Bb3 Nxb3 19. axb3 Bf5 20. Qxf5 cxb2
21. Rb1 bxc1=Q 22. Rfxc1 Bb2 23. Qd3 Bxc1 24. Rxc1 Rac8 25. Rd1 Qd6 26. Ng5 Qg6
27. Qxg6 hxg6 28. d6 Rfd8 29. b4 Rxd6 30. Rb1 Rb6 31. Kg1 a5 32. b5 Rc5 33. Ne4
Rcxb5 0-1

[Event "Russian Championship G15 1st league 2016"]
[Site "Loo"]
[Date "2016.04.21"]
[Round "2.6"]
[White "Kiseleva, Elizaveta"]
[Black "Perch, Sofya"]
[Result "1/2-1/2"]
[WhiteElo "1542"]
[BlackElo "1723"]
[PlyCount "99"]
[EventDate "2016.04.20"]

1. e4 c5 2. Nf3 d6 3. d4 cxd4 4. Nxd4 Nf6 5. Nc3 a6 6. Bg5 e6 7. Qe2 Be7 8. f4
Nc6 9. O-O-O Nxd4 10. Rxd4 Qb6 11. Rd1 Qc7 12. g4 b5 13. a3 Bb7 14. h4 h6 15.
Bxf6 Bxf6 16. Rh3 Qc6 17. Bg2 Be7 18. Bh1 Qc5 19. f5 e5 20. Rhd3 Rd8 21. Nd5
Bxd5 22. Rxd5 Qc7 23. Qf2 Rc8 24. Kb1 Rb8 25. Qe2 Rb6 26. Qd3 Rc6 27. Bf3 O-O
28. Rg1 Bxh4 29. Rd1 Rd8 30. Be2 Be7 31. Rf1 Rc8 32. Bd1 Rc5 33. Rg1 a5 34. Rg3
b4 35. a4 Rb8 36. Rxc5 Qxc5 37. b3 Rc8 38. Qa6 Rd8 39. Rd3 Bg5 40. Qb7 d5 41.
Rxd5 Rxd5 42. Qxd5 Qe3 43. Ka2 Qc1 44. Qa8+ Kh7 45. Qd5 Qa3+ 46. Kb1 Qc1+ 47.
Ka2 Qa3+ 48. Kb1 Qc1+ 49. Ka2 Bd2 50. Qxf7 1/2-1/2

[Event "Russian Championship G15 1st league 2016"]
[Site "Loo"]
[Date "2016.04.21"]
[Round "2.7"]
[White "Tolkacheva, Anna"]
[Black "Alekseenko, Aleksandra"]
[Result "1-0"]
[WhiteElo "1702"]
[BlackElo "1542"]
[PlyCount "45"]
[EventDate "2016.04.20"]

1. e4 c5 2. Nf3 e6 3. d4 cxd4 4. Nxd4 a6 5. a3 Qc7 6. Nc3 Nf6 7. Be3 b5 8. f3
Bb7 9. Qd2 d6 10. O-O-O d5 11. e5 Nfd7 12. f4 Nb6 13. f5 Nc6 14. fxe6 Nc4 15.
exf7+ Qxf7 16. Bxc4 dxc4 17. e6 Qc7 18. Bf4 Bd6 19. Ndxb5 axb5 20. Bxd6 Qa5 21.
Bb4 Nxb4 22. Qd7+ Kf8 23. Qf7# 1-0

[Event "Russian Championship G15 1st league 2016"]
[Site "Loo"]
[Date "2016.04.21"]
[Round "2.8"]
[White "Malko, Polina"]
[Black "Polyanskaya, Elizaveta"]
[Result "1-0"]
[WhiteElo "1506"]
[BlackElo "1701"]
[PlyCount "97"]
[EventDate "2016.04.20"]

1. Nf3 d5 2. g3 Nf6 3. Bg2 h6 4. O-O Bf5 5. d4 e6 6. c4 c6 7. Qb3 Qb6 8. Qxb6
axb6 9. cxd5 Nxd5 10. Nc3 Nd7 11. Nd2 Nb4 12. e4 Bg6 13. Nb3 Nf6 14. a3 Nd3 15.
Rd1 Nxc1 16. Raxc1 Be7 17. d5 Rd8 18. dxc6 bxc6 19. Nd4 c5 20. Nc6 Rxd1+ 21.
Rxd1 Nd7 22. Nb5 Nf6 23. e5 Nh7 24. Nd6+ Bxd6 25. Rxd6 O-O 26. Ne7+ Kh8 27.
Nxg6+ fxg6 28. Rxe6 Ng5 29. Rxb6 Rd8 30. h4 Rd1+ 31. Kh2 Nf7 32. e6 Ne5 33. Ba8
Rd8 34. Be4 Re8 35. Bd5 Ng4+ 36. Kg2 Nf6 37. Bc4 Re7 38. a4 Ne8 39. a5 Kh7 40.
a6 Ra7 41. Rb7 Ra8 42. Rb6 Ra7 43. Bd5 Nf6 44. e7 Rxe7 45. Rb7 Re1 46. a7 Ra1
47. Bc6 Ng8 48. b3 Nf6 49. Ba4 1-0

[Event "Russian Championship G15 1st league 2016"]
[Site "Loo"]
[Date "2016.04.21"]
[Round "2.9"]
[White "Yurasova, Daria"]
[Black "Lisyanskaya, Alina"]
[Result "1/2-1/2"]
[WhiteElo "1698"]
[BlackElo "1538"]
[PlyCount "170"]
[EventDate "2016.04.20"]

1. Nf3 Nf6 2. c4 g6 3. b3 Bg7 4. Bb2 O-O 5. g3 c6 6. Bg2 d6 7. O-O Qc7 8. d3
Nbd7 9. Nbd2 a6 10. Qc2 d5 11. Rac1 dxc4 12. Nxc4 Ne8 13. d4 Ndf6 14. e4 Be6
15. Ne3 Qd8 16. Ng5 Bd7 17. e5 Nd5 18. Nxd5 cxd5 19. f4 h6 20. Nf3 Rc8 21. Qd2
Bb5 22. Rxc8 Qxc8 23. Rc1 Qd7 24. Qc2 Bh8 25. Ba3 Ng7 26. Qc7 Nf5 27. Qxd7 Bxd7
28. g4 Ne3 29. h3 Re8 30. Rc7 Bc6 31. Rxe7 Rc8 32. e6 f6 33. Bd6 Bg7 34. Rc7
Re8 35. Be7 f5 36. g5 hxg5 37. fxg5 Nc2 38. Nh4 Bxd4+ 39. Kh1 Bb6 40. Rxc6 bxc6
41. Bf6 Rxe6 42. Nxg6 Re1+ 43. Bf1 Rxf1+ 44. Kg2 Rg1+ 45. Kf3 Nd4+ 46. Kf4 Rf1+
47. Ke5 Bc7+ 48. Kxd4 Kf7 49. Ne7 Rd1+ 50. Ke3 f4+ 51. Ke2 Rc1 52. Kd2 Rh1 53.
Nxc6 Rxh3 54. Nd4 Ba5+ 55. Ke2 Bb6 56. Nf3 Rg3 57. Be5 Rg2+ 58. Kd3 Be3 59. a4
Kg8 60. b4 Ra2 61. a5 Rf2 62. Nh4 Rd2+ 63. Kc3 d4+ 64. Kb3 d3 65. g6 Rd1 66.
Nf5 Rg1 67. Nh6+ Kf8 68. g7+ Ke7 69. g8=Q Rxg8 70. Nxg8+ Ke6 71. Bb8 f3 72. Bg3
Kf7 73. Nh6+ Bxh6 74. Bf2 Bf4 75. Kc3 d2 76. Kc2 Ke6 77. b5 axb5 78. a6 Bb8 79.
Kxd2 Kd5 80. a7 Bxa7 81. Bxa7 Kc4 82. Kc2 b4 83. Bf2 b3+ 84. Kb2 Kb4 85. Ba7
Kc4 1/2-1/2

[Event "Russian Championship G15 1st league 2016"]
[Site "Loo"]
[Date "2016.04.21"]
[Round "2.10"]
[White "Nikolaeva, Ksenya"]
[Black "Chagina, Ulyana"]
[Result "1-0"]
[WhiteElo "1660"]
[BlackElo "1276"]
[PlyCount "103"]
[EventDate "2016.04.20"]

1. d4 Nf6 2. c4 e6 3. Nc3 Bb4 4. Bd2 O-O 5. Nf3 b6 6. e3 Bb7 7. Bd3 d6 8. O-O
Nbd7 9. a3 Bxc3 10. Bxc3 Ne4 11. Qc2 f5 12. b4 Rf6 13. Nd2 Ng5 14. d5 Rg6 15.
e4 fxe4 16. Nxe4 Nxe4 17. Bxe4 Rh6 18. Bd2 Rh4 19. g3 Rh5 20. Bf3 Rf5 21. Bg4
Rf8 22. Bxe6+ Kh8 23. Bf5 Ne5 24. Be4 Qe8 25. Bf4 Qh5 26. Bxe5 dxe5 27. Rfe1
Rae8 28. Re3 Rf6 29. Bh1 Ref8 30. Rf1 Bc8 31. Qe4 Bh3 32. Bg2 Bxg2 33. Kxg2 Qf7
34. Qc2 Rf3 35. Qe2 e4 36. Rxe4 Rxa3 37. Re7 Qf6 38. Rxc7 Ra4 39. b5 Ra3 40.
Re7 Qf3+ 41. Qxf3 Raxf3 42. Rxa7 Rc3 43. Rc7 h6 44. d6 Rd3 45. Rc6 Rb8 46. Re1
Kh7 47. Re7 Rd4 48. Rcc7 Rxd6 49. Rxg7+ Kh8 50. Rgd7 Re6 51. Rc6 Rxc6 52. bxc6
1-0

[Event "Russian Championship G15 1st league 2016"]
[Site "Loo"]
[Date "2016.04.21"]
[Round "2.11"]
[White "Gusenkova, Karina"]
[Black "Fairuzova, Zulfiiya"]
[Result "1-0"]
[WhiteElo "1431"]
[BlackElo "1659"]
[PlyCount "177"]
[EventDate "2016.04.20"]

1. d4 d5 2. c4 c6 3. e3 Bf5 4. Qb3 Qb6 5. Qxb6 axb6 6. cxd5 cxd5 7. Nc3 e6 8.
Nf3 Bb4 9. Bd2 Nf6 10. a3 Bxc3 11. Bxc3 Ne4 12. Bd2 Nxd2 13. Kxd2 Ke7 14. Nh4
Bg6 15. Nxg6+ hxg6 16. Bd3 Nc6 17. Rac1 Rhc8 18. Rc3 Rc7 19. Rb3 Na5 20. Rxb6
Rac8 21. Rb5 Nc4+ 22. Bxc4 dxc4 23. Rc1 Kd6 24. Rc3 Rh8 25. h3 Ra8 26. Rb4 Rac8
27. b3 cxb3 28. Rbxb3 Rxc3 29. Rxc3 Ra8 30. Rb3 Kc6 31. Kd3 Ra5 32. Rc3+ Kd7
33. f3 e5 34. dxe5 Rxe5 35. Rc4 Ra5 36. a4 b5 37. axb5 Rxb5 38. e4 Rb2 39. Rc2
Rb3+ 40. Kc4 Rb7 41. Kc3 Ke6 42. Kd4 Rb4+ 43. Ke3 Rb3+ 44. Kf4 Rb6 45. Rd2 Ra6
46. h4 Ra5 47. Rd8 f6 48. Re8+ Kf7 49. Rc8 g5+ 50. hxg5 Rxg5 51. g4 Ra5 52.
Rc7+ Kg6 53. Re7 Ra4 54. Kg3 Ra5 55. Kf4 Ra4 56. Rd7 Ra5 57. Rd5 Ra4 58. Kg3
Kf7 59. g5 Rb4 60. Rd7+ Kg6 61. gxf6 gxf6 62. Rd6 Kf7 63. Kf4 Rb3 64. Kg4 Ra3
65. f4 Ke7 66. Rc6 Ra5 67. Rb6 Rc5 68. f5 Re5 69. Kf4 Ra5 70. Rb7+ Kf8 71. Kg4
Ra4 72. Kh5 Rxe4 73. Kg6 Ra4 74. Kxf6 Ra6+ 75. Kg5 Ra5 76. Kg6 Ra1 77. Rc7 Ra2
78. Rb7 Ra1 79. Rf7+ Ke8 80. Kf6 Rg1 81. Re7+ Kf8 82. Rc7 Ke8 83. Rg7 Re1 84.
Rg5 Ra1 85. Kg6 Kf8 86. Rg4 Ra2 87. Re4 Rg2+ 88. Kf6 Rg7 89. Re8+ 1-0

[Event "Russian Championship G15 1st league 2016"]
[Site "Loo"]
[Date "2016.04.21"]
[Round "2.13"]
[White "Tereschenko, Dariy"]
[Black "Malozemova, Darya"]
[Result "0-1"]
[WhiteElo "1312"]
[BlackElo "1643"]
[PlyCount "90"]
[EventDate "2016.04.20"]

1. d4 d5 2. c4 e6 3. Nf3 Nf6 4. Bg5 Nbd7 5. Nc3 c6 6. cxd5 exd5 7. e3 Be7 8.
Be2 O-O 9. O-O Ne4 10. Bf4 Ndf6 11. Nd2 Bd6 12. Bxd6 Qxd6 13. Ndxe4 Nxe4 14.
Nxe4 dxe4 15. Qb3 Qg6 16. Rfc1 Rd8 17. Rc5 b6 18. Bh5 Qf6 19. Rcc1 Rd5 20. Be2
Rf5 21. Rf1 Rg5 22. g3 Bh3 23. f4 Rg6 24. Rfe1 Qh4 25. Kf2 Qh6 26. Kg1 Rd8 27.
Bf1 Rd5 28. Bxh3 Qxh3 29. Qc2 Rh5 30. Qg2 Qf5 31. Rac1 Qe6 32. b3 Rgh6 33. h4
Rxh4 34. gxh4 Rg6 35. Qg5 Rxg5+ 36. hxg5 h5 37. Rc2 Qh3 38. Rh2 Qg3+ 39. Kf1
Qxh2 40. Re2 Qh1+ 41. Kf2 h4 42. Re1 Qf3+ 43. Kg1 h3 44. Re2 Qxe2 45. g6 Qg2#
0-1

[Event "Russian Championship G15 1st league 2016"]
[Site "Loo"]
[Date "2016.04.21"]
[Round "2.17"]
[White "Sosnina, Ekaterina"]
[Black "Maltsevskaya, Anna"]
[Result "1/2-1/2"]
[WhiteElo "1727"]
[BlackElo "1326"]
[PlyCount "82"]
[EventDate "2016.04.20"]

1. e4 e5 2. Nf3 Nc6 3. Bb5 a6 4. Ba4 Nf6 5. Qe2 b5 6. Bb3 d6 7. c3 Bg4 8. h3
Bh5 9. O-O Be7 10. Rd1 d5 11. d3 O-O 12. Nbd2 d4 13. Nf1 b4 14. cxd4 Nxd4 15.
Qe3 Bc5 16. Nxd4 Bxd4 17. Qg3 Bxd1 18. Bxd1 Kh8 19. Be2 Nd7 20. Ne3 Bxe3 21.
Bxe3 h6 22. Rc1 f5 23. f4 fxe4 24. dxe4 exf4 25. Bxf4 c5 26. Rd1 Qe8 27. e5 g5
28. Bxg5 hxg5 29. Qxg5 Nxe5 30. Rd6 Rf7 31. Rh6+ Rh7 32. Bh5 Nf3+ 33. Bxf3 Qe1+
34. Kh2 Rf8 35. Rxh7+ Kxh7 36. Qh5+ Kg7 37. Qg5+ Kh7 38. Qh5+ Kg7 39. Qg5+ Kh7
40. Qh5+ Kg7 41. Qg5+ Kh7 1/2-1/2

[Event "Russian Championship G15 1st league 2016"]
[Site "Loo"]
[Date "2016.04.21"]
[Round "2.18"]
[White "Khomyak, Aleksandra"]
[Black "Burnyasheva, Elena"]
[Result "0-1"]
[WhiteElo "1612"]
[BlackElo "1664"]
[PlyCount "46"]
[EventDate "2016.04.20"]

1. d4 Nf6 2. Bg5 e6 3. Nf3 c5 4. e3 Qb6 5. Qc1 Ne4 6. Bf4 Nc6 7. c3 d5 8. Bd3
Nf6 9. h3 Bd7 10. Nbd2 cxd4 11. exd4 Rc8 12. O-O Be7 13. Qc2 Nb4 14. Qb1 Nxd3
15. Qxd3 Bb5 16. c4 dxc4 17. Qc3 Nd5 18. Qc1 Nxf4 19. Nxc4 Ne2+ 20. Kh1 Bxc4
21. Qc2 O-O 22. Qd2 Rfd8 23. Rad1 Nxd4 0-1

[Event "Russian Championship G15 1st league 2016"]
[Site "Loo"]
[Date "2016.04.21"]
[Round "2.19"]
[White "Bezenkina, Ekaterina"]
[Black "Sakharova, Veronika"]
[Result "1/2-1/2"]
[WhiteElo "1413"]
[BlackElo "1612"]
[PlyCount "99"]
[EventDate "2016.04.20"]

1. e4 e5 2. Nf3 Nc6 3. Nc3 Nf6 4. d4 exd4 5. Nxd4 Bb4 6. Nxc6 bxc6 7. Bd3 O-O
8. O-O d5 9. exd5 cxd5 10. Bg5 c6 11. Qf3 Be7 12. h3 Qc7 13. Rfe1 Be6 14. Rad1
d4 15. Ne4 Nd5 16. a3 Qd7 17. Bxe7 Qxe7 18. Qg3 h6 19. Bc4 c5 20. Nd6 Qd7 21.
Ne4 Qc6 22. Nd6 Rad8 23. Bxd5 Qxd5 24. Ne4 Kh8 25. b4 cxb4 26. axb4 Bc8 27. Nc5
a5 28. Nd3 axb4 29. Nxb4 Qc4 30. Qa3 Be6 31. Rb1 Ra8 32. Qd3 Qc5 33. Red1 Rfd8
34. Qf3 Rac8 35. Qa3 Qg5 36. Qg3 Qxg3 37. fxg3 Rc4 38. Rf1 Rb8 39. Nd3 Rxb1 40.
Rxb1 Rxc2 41. Rd1 Rc4 42. Ne5 Rc5 43. Nf3 Rd5 44. Rxd4 Rxd4 45. Nxd4 Bd7 46.
Kf2 Kg8 47. Ke3 Kf8 48. Kf4 Bc8 49. g4 Bb7 50. g3 1/2-1/2

[Event "Russian Championship G15 1st league 2016"]
[Site "Loo"]
[Date "2016.04.21"]
[Round "2.20"]
[White "Turko, Anastasia"]
[Black "Kononova, Anastasiya"]
[Result "1-0"]
[WhiteElo "1612"]
[BlackElo "1426"]
[PlyCount "79"]
[EventDate "2016.04.20"]

1. g3 d5 2. Bg2 c5 3. d3 Nc6 4. Nd2 e5 5. e4 d4 6. Ngf3 Bd6 7. O-O f6 8. Nc4
Be6 9. Nxd6+ Qxd6 10. Nh4 Nge7 11. f4 O-O 12. f5 Bf7 13. g4 b5 14. Nf3 c4 15.
h4 Kh8 16. Kh2 a5 17. a4 b4 18. Ne1 b3 19. cxb3 cxb3 20. g5 Rac8 21. Qg4 Be8
22. h5 fxg5 23. Bxg5 h6 24. f6 Bd7 25. fxg7+ Kh7 26. gxf8=Q Rxf8 27. Bxe7 Nxe7
28. Qh4 Rxf1 29. Bxf1 Qb4 30. Qf2 Kg7 31. Nf3 Be8 32. Qg3+ Kh7 33. Qxe5 Bxa4
34. Qxd4 Qb8+ 35. e5 Be8 36. Qe4+ Kh8 37. Qf4 Kh7 38. Qe4+ Kh8 39. Rxa5 Bxh5
40. Ra8 1-0

[Event "Russian Championship G15 1st league 2016"]
[Site "Loo"]
[Date "2016.04.21"]
[Round "2.21"]
[White "Kuznetsova, Maria"]
[Black "Bychenkova, Angelina"]
[Result "1-0"]
[WhiteElo "1378"]
[BlackElo "1546"]
[PlyCount "91"]
[EventDate "2016.04.20"]

1. e4 e6 2. d4 d5 3. Nc3 Nf6 4. e5 Nfd7 5. f4 c5 6. Nf3 Nc6 7. Be3 Qb6 8. Qd2
a6 9. O-O-O c4 10. g4 Bb4 11. f5 exf5 12. gxf5 Ne7 13. Bh3 Nb8 14. Nh4 h6 15.
Rdf1 Qa5 16. Kb1 Bxc3 17. Qxc3 Qxc3 18. bxc3 Nbc6 19. Bg2 g5 20. fxg6 fxg6 21.
Rf6 g5 22. Ng6 Nxg6 23. Rxg6 Ne7 24. Rf6 Nf5 25. Bd2 Ne7 26. h4 Rg8 27. hxg5
hxg5 28. Bf3 Bf5 29. Bh5+ Kd8 30. Bf7 Rf8 31. Bxg5 Kc7 32. e6 Rad8 33. Rfh6 Kd6
34. Bxe7+ Kxe7 35. Rg1 Rd6 36. Rg7 Rb6+ 37. Kc1 Bxe6 38. Bxe6+ Kd8 39. Rgh7
Rf1+ 40. Kd2 Rf2+ 41. Ke3 Rf8 42. Bxd5 Re8+ 43. Kd2 Rxh6 44. Rxh6 Rf8 45. Bxc4
Rf2+ 46. Be2 1-0